North American Teams That Took the Longest To Win - Statistics

General Stats
  • This quiz has been taken 15 times
  • The average score is 9 of 15
Answer Stats
Drought Teams % Correct
1977-2023 (46 years) Denver Nuggets
82%
1903-1980 (77 years) Philadelphia Phillies
73%
1961-2023 (62 years) Texas Rangers
73%
1961-2002 (41 years) Los Angeles Angels
64%
1903-1955 (52 years) Los Angeles Dodgers
64%
1967-2009 (42 years) New Orleans Saints
64%
1969-2019 (50 years) Washington Nationals
64%
1903-1966 (63 years) Baltimore Orioles
55%
1971-2016 (45 years) Cleveland Cavaliers
55%
1968-2012 (44 years) Los Angeles Kings
55%
1933-1974 (41 years) Pittsburgh Steelers
55%
1976-2013 (37 years) Seattle Seahawks
55%
1968-2019 (51 years) St. Louis Blues
55%
1975-2018 (43 years) Washington Capitals
55%
1962-2017 (55 years) Houston Astros
45%
No matching quizzes found
Score Distribution
Percent of People with Each Score
Percentile by Number Answered
Your Score History
You have not taken this quiz